| 000 | 00603 a2200217 4500 | ||
|---|---|---|---|
| 005 | 20260417113748.0 | ||
| 008 | 260416b |||||||| |||| 00| 0 eng d | ||
| 020 |
_a9788197424922 _cRs. 650.00 |
||
| 040 | _aMAIN | ||
| 082 |
_a658.4063 _bS16D |
||
| 100 | _aSubramanian, Chandramouli | ||
| 245 | _aDesign thinking: A hands-on approach | ||
| 260 |
_bUniversity Press _c2025 _aNew Delhi |
||
| 300 | _axiii, 416 | ||
| 650 | _aManagement | ||
| 650 | _aExecative Management | ||
| 650 | _aCreative Thinking | ||
| 700 | _aParamasivan, Thiyagarajan | ||
| 700 | _aVenkataramani, Sankaran | ||
| 942 | _cBK | ||
| 999 |
_c397212 _d397212 |
||